000 00554nai a2200181Ia 4500
003 IN-BaIIA
008 211028c9999 xx s 000 0 eng d
022 _a0019-1035 (Print)
022 _a1090-2643 (Online)
040 _cIIA Library
245 0 _aIcarus
_h[eJournal]
260 _aNew York
_bElsevier B.V
310 _a18/year
362 _a113(1);1995 - Present
521 _bSubscribed through National Knowledge Resource Consortium (NKRC)
856 _uhttps://www.sciencedirect.com/journal/icarus
_yClick Here to Access eJournal
942 _cEJ
999 _c34459
_d34459